|
|
|
|
| LEADER |
00000cam a2200000 a 4500 |
| 001 |
vtls008986067 |
| 003 |
SK-MaSNL |
| 005 |
20260301092455.0 |
| 008 |
160208s2003 xo odabf 100 0 eng |
| 015 |
|
|
|a SNBA2007/06-02680
|
| 020 |
|
|
|a 8080701164 (brož.)
|
| 035 |
|
|
|a 2B7FB5C4-A68D-4F57-80F1-09BCA1473F60
|
| 035 |
|
|
|a urn:nbn:sk:snk-amk7cc
|
| 035 |
|
|
|a urn:nbn:sk:snk-am008ipi
|
| 040 |
|
|
|a SNK
|b slo
|c SNK
|e AACR2
|
| 041 |
0 |
|
|a eng
|b eng
|
| 044 |
|
|
|a xo
|c SK
|
| 072 |
|
7 |
|a 624
|x Inžinierske staviteľstvo
|2 konspekt
|
| 080 |
|
|
|a 624
|2 2001
|
| 080 |
|
|
|a (063)
|2 2001
|
| 111 |
2 |
|
|a Science, Education and Society
|n (11. :
|d 2003 :
|c Žilina, Slovensko)
|9 93498
|
| 245 |
1 |
0 |
|a Science, Education and Society
|b 11th International Scientific Concerence : [the conference is supported by CETRA (Centre of Transportion Research) : Žilina, 17-19 September 2003 Slovak Republic
|n Section no. 1
|p Engineering contructions
|
| 246 |
1 |
1 |
|a Veda, vzdelávanie a spoločnosť
|
| 246 |
3 |
0 |
|a Engineering contructions
|
| 250 |
|
|
|a 1. vyd.
|
| 260 |
|
|
|a V Žiline
|b Žilinská univerzita
|c 2003
|
| 300 |
|
|
|a 376 s.
|b fotogr., grafy, ilustr., mp., tab.
|c 21 cm
|
| 366 |
|
|
|e 90 výtl.
|
| 500 |
|
|
|a Názov z obalu
|
| 650 |
0 |
7 |
|a inžinierske stavby
|2 SNKPH
|9 67290
|
| 655 |
|
7 |
|a zborníky konferencií
|2 SNKPH
|9 70153
|
| 752 |
|
|
|a Slovensko
|d Žilina
|
| 919 |
|
|
|a 80-8070-116-4
|
| 958 |
|
|
|a OND
|
| 968 |
|
|
|d 62
|
| 999 |
|
|
|c 674049
|d 675979
|
| 952 |
|
|
|a SNK
|b SNK
|y PREZ
|7 0
|p 17A0550299
|o snkSC 127780/1
|i snk2007/11806
|8 0
|0 0
|1 0
|4 0
|d 2007-05-03
|f 1
|l 0
|r 2025-06-17 00:00:00
|w 2026-02-23
|
| 952 |
|
|
|a SNK
|b SNK
|y VYP
|7 0
|p 17A0550300
|o snkSC 127780/1 D1
|i snk2007/11807
|8 0
|0 0
|1 0
|4 0
|d 2007-05-03
|l 0
|r 2026-02-23 19:36:58
|w 2026-02-23
|